00486 a2200157 450000500170000001000130001702000260003003500130005603700090006908200060007810000240008424500610010826000610016927000760023030000220030620240530122302.0 aB-759273 a9789388322836c250.00 aB-759273 bGift aN aArunachalam, Anupam aYoung Pandavas The Royal Tournament/cAnupam Arunachalam aGurugrambHachette Book Publishing India Pvt. Ltd.c2021 a4th & 5th Floor Corporate Centre Plot no-94 Sector-44bGurugrame122003 a196 p.c20 cm(Hb)